| 000 | 00693cam9a220021700 4500 | ||
|---|---|---|---|
| 001 | tmp15688552 | ||
| 003 | UPRA | ||
| 005 | 20190815102735.0 | ||
| 008 | 951004s1894 le eng u | ||
| 035 | _a(Sirsi) r77525 | ||
| 035 | _a(UPRA)tmp15688552 | ||
| 040 | _cUPRA | ||
| 100 | 1 |
_aTweedie, W. _6A37443.1 |
|
| 245 | 1 | 4 |
_aThe Arabian horse : _bhis country and people / _cwith portraits of typical or famous Arabians ... |
| 246 | 3 | 0 | _aArabian horse |
| 260 |
_aBeirut : _blibr. du Liban, _c[1894] |
||
| 500 | _aReproduced from the original 1894 ed. published in England. | ||
| 650 | 0 |
_aHorses. _6S12352.1 |
|
| 949 |
_aSF284 _wlcc _i33729001902191 _mMAIN _p2500 _tBOOK _lON-SHELF |
||
| 004 | 77525 | ||
| 999 |
_c64675 _d64675 |
||